De vuelta del Eo (Record no. 143020)

MARC details
000 -LEADER
campo de control de longitud fija 00577nam a2200181 4500
001 - NÚMERO DE CONTROL
campo de control 143020
003 - IDENTIFICADOR DE NÚMERO DE CONTROL
campo de control ES-MaACL
005 - FECHA Y HORA DE LA ÚLTIMA TRANSACCIÓN
campo de control 20230906200707.0
007 - CAMPO FIJO DE DESCRIPCIÓN FÍSICA--INFORMACIÓN GENERAL
campo de control de longitud fija t|
008 - DATOS DE LONGITUD FIJA--INFORMACIÓN GENERAL
campo de control de longitud fija 070214s1960 sp r ||||1| spa d
100 1# - ENTRADA PRINCIPAL--NOMBRE DE PERSONA
Nombre de persona Sela, Alejandro.
9 (RLIN) 105284
245 10 - MENCIÓN DEL TÍTULO
Título De vuelta del Eo
Resto del título : ensayos breves de amor y otras cosas /
Mención de responsabilidad, etc. Alejandro Sela ; dibujos de Alvaro Delgado.
260 ## - PUBLICACIÓN, DISTRIBUCIÓN, ETC.
Lugar de publicación, distribución, etc. [S. l. :
Nombre del editor, distribuidor, etc. s. n.],
Fecha de publicación, distribución, etc. 1960 (
Lugar de fabricación/manufactura Luarca :
Fabricante Imp. Boada)
300 ## - DESCRIPCIÓN FÍSICA
Extensión 93 p. :
Otras características físicas il. ;
Dimensiones 15 cm.
700 1# - ENTRADA AGREGADA--NOMBRE PERSONAL
Nombre de persona Delgado, Alvaro.
9 (RLIN) 186390
852 ## - LOCALIZACIÓN
Ubicación ES-MaACL
Número de control de estantería C-18804
Sublocalización o colección R.46339
Holdings
Estatus retirado Estado de pérdida Estado de daño No para préstamo Biblioteca de origen Biblioteca actual Ubicación en estantería Fecha de adquisición Fuente de adquisición Total de préstamos Signatura topográfica completa Código de barras Visto por última vez Precio de reemplazo Tipo de ítem Koha
        Biblioteca del Ateneo de Madrid Biblioteca del Ateneo de Madrid Galería 17/01/2008     C-18804 1148803 23/02/2023 23/02/2023 Libro impreso